000 00988nam a2200181Ia 4500
008 090124s9999 xx 000 0 und d
082 _b133172
_a101192
100 _aबिनीवाले अविनाश
245 _a बोलु कवतिकें ( भाषेसंबंधीत दिलेल्या शास्त्रीय माहितीचा लेखसंग्रह )
250 _a1
260 _c2005
300 _a85
600 _aबिनीवाले अविनाश
630 _a बोलु कवतिकें ( भाषेसंबंधीत दिलेल्या शास्त्रीय माहितीचा लेखसंग्रह )
700 _aबिनीवाले अविनाश
730 _a बोलु कवतिकें ( भाषेसंबंधीत दिलेल्या शास्त्रीय माहितीचा लेखसंग्रह )
942 _cBOOK
999 _c179388
_d179388